Estatísticas para Advinhe o pais por territorio

Clique aqui para jogar o quiz

Estatísticas Gerais

  • Esse quiz foi jogado 319 vezes
    (315 desde o último reset)
  • A pontuação média é 14 de 20

Estatísticas das Respostas

Resposta% Correto
chile
92%
mexico
88%
canada
87%
frança
86%
egito
85%
japão
84%
espanha
83%
portugal
83%
africa do sul
81%
cuba
72%
islandia
68%
nova zelandia
66%
madagascar
65%
peru
65%
mongolia
63%
irã
56%
romenia
50%
coreia do norte
46%
panamá
45%
suriname
27%

Distribuição das Pontuações

Percentil de Números Respondidos

Porcentagem de Pessoas com Cada Pontuação

Sua Pontuação Histórica

Você não jogou esse quiz desde o último reset